Thomas Jefferson & his world by the editors of american heritge / (رقم التسجيلة. 44400)
[ عرض عادي ]
| 000 -الفاتح | |
|---|---|
| عناصر البيانات ثابتة الطول | 00519cam a2200157 i 4500 |
| 005 - تاريخ ووقت آخر معاملة | |
| حقل ضبط | 20260311134039.0 |
| 008 - عناصر البيانات ثابتة الطول | |
| عناصر البيانات ثابتة الطول | 250721s1960 xxu gr 000 0 eng d |
| 082 14 - رقم تصنيف ديوي العشري | |
| رقم التصنيف | 923.173 |
| رقم المادة | J E F |
| 245 10 - بيان العنوان | |
| العنوان | Thomas Jefferson & his world by the editors of american heritge / |
| بيان المسؤولية | by the editors of american heritage ؛ narrative by henry moscow. |
| 250 ## - بيان الطبعة | |
| بيان الطبعة | first edition. |
| 264 31 - بيانات النشر، التوزيع…إلخ | |
| مكان النشر، التوزيع...إلخ | New York : |
| اسم الناشر، الموزع...إلخ | pernnial Library, |
| تاريخ النشر، التوزيع...إلخ | 1960. |
| 300 ## - الوصف المادي | |
| عدد الوحدات المكونة للوعاء | 128 pages. |
| 650 17 - مدخل إضافي بالموضوع - مصطلح موضوعي | |
| مصطلح موضوعي أو اسم جغرافي كعنصر مدخل | Presedent U S. |
| 942 ## - بيانات إضافية (كوها) | |
| نوع التنصيف | Dewey Decimal Classification |
| نوع المادة (كوها) | كتب |
| حالة السحب | حالة الفقدان | مصدر التصنيف | حالة التلف | غير قابل للإعارة | المكتبة الرئيسية | المكتبة الحالية | موقع الرف | تاريخ التزويد | رقم المخزون | Total Checkouts | رقم الإستدعاء | تاريخ آخر ظهور | تاريخ الفاتورة | نوع المادة (كوها) | العملة | الباركود |
|---|---|---|---|---|---|---|---|---|---|---|---|---|---|---|---|---|
| Dewey Decimal Classification | Unchecked | المكتبة المركزية | المكتبة المركزية | الأطفال | 06/07/2004 | 17188 | 923.173/JEF | 28/07/2025 | 06/07/2004 | كتب | ||||||
| Dewey Decimal Classification | المكتبة المركزية | المكتبة المركزية | الإعارة | 11/03/2026 | 17261 | 923.173 / J E F | 11/03/2026 | 11/03/2026 | كتب | JOD | 17261 |